00190nam a2200085 4500100002200000245002900022260002600051300000700077650002000084 aAdhikari,Subashie aLiposomal Drug Dilivery  aColombobICHEMCc2016 a27 a Drug Dilivery